[Event "IECG WC.2008.T.00003 email"]
[Site "IECG email"]
[Date "2007.02.02"]
[Round "?"]
[White "Valderrama, Elmer"]
[Black "Barbaric, Tadija"]
[Result "1/2-1/2"]
[WhiteElo "2356"]
[BlackElo "2193"]
[PlyCount "64"]
[EventDate "2007.02.02"]
[EventType "tourn (corr)"]
[EventRounds "6"]
[SourceTitle "Corr 2022"]
[Source "ChessBase"]
[SourceDate "2021.10.24"]
[SourceVersion "1"]
[SourceVersionDate "2021.10.24"]
[SourceQuality "1"]

1. Nf3 Nf6 2. g3 d5 3. Bg2 e6 4. 0-0 Be7 5. c4 0-0 6. d4 dxc4 7. Qc2 a6 8. a4 Bd7 9. Qxc4 Bc6 10. Bg5 Bd5 11. Qd3 Be4 12. Qe3 Bc6 13. Nc3 Nbd7 14. Qd3 Bb4 15. Qc4 Bxc3 16. bxc3 h6 17. Bxf6 Nxf6 18. Ne5 Bxg2 19. Kxg2 Nd7 20. Nf3 c5 21. Rab1 Rb8 22. Rfd1 Qa5 23. Qb3 Rfc8 24. d5 exd5 25. Rxd5 Nf6 26. Re5 b5 27. axb5 axb5 28. Qc2 Qa8 29. Re7 Qc6 30. Ra7 Re8 31. Qb3 Qd5 32. Qa2 Qxa2 1/2-1/2

[Event "IECG WC.2005.F.00002 email"]
[Site "IECG email"]
[Date "2006.06.05"]
[Round "?"]
[White "Louro, Eugenio Diogo"]
[Black "Valderrama, Elmer"]
[Result "0-1"]
[WhiteElo "2192"]
[BlackElo "2266"]
[PlyCount "70"]
[EventDate "2006.06.05"]
[EventType "tourn (corr)"]
[EventRounds "14"]
[SourceTitle "Corr 2008"]
[Source "ChessBase"]
[SourceDate "2008.06.24"]
[SourceVersion "1"]
[SourceVersionDate "2008.06.24"]
[SourceQuality "1"]

1. e4 c5 2. Nc3 a6 3. g3 b5 4. Bg2 Bb7 5. d3 e6 6. f4 Nf6 7. Nh3 b4 8. Ne2 Be7 9. 0-0 0-0 10. Nf2 d5 11. e5 Nfd7 12. a3 a5 13. axb4 axb4 14. Rxa8 Bxa8 15. d4 Qb6 16. Be3 Nc6 17. Qd2 Bb7 18. Ra1 Ba6 19. dxc5 Bxc5 20. Bxc5 Nxc5 21. Qe3 Bxe2 22. Qxe2 Nd4 23. Qd1 Nf5 24. Qd2 Ne4 25. Bxe4 dxe4 26. Qe2 e3 27. Nd3 Rd8 28. Ra4 b3 29. c3 g5 30. Ra1 Kg7 31. Re1 Qb5 32. Nb4 Qxe2 33. Rxe2 Rd1+ 34. Kg2 g4 35. Nc6 h5 0-1

[Event "IECG WC.2005.F.00002 email"]
[Site "IECG email"]
[Date "2006.06.05"]
[Round "?"]
[White "Valderrama, Elmer"]
[Black "Krol, Wladyslaw"]
[Result "1/2-1/2"]
[WhiteElo "2266"]
[BlackElo "2229"]
[PlyCount "102"]
[EventDate "2006.06.05"]
[EventType "tourn (corr)"]
[EventRounds "14"]
[SourceTitle "Corr 2008"]
[Source "ChessBase"]
[SourceDate "2008.06.24"]
[SourceVersion "1"]
[SourceVersionDate "2008.06.24"]
[SourceQuality "1"]

1. e4 e5 2. Nf3 Nc6 3. Bc4 Nf6 4. d3 Bc5 5. c3 d6 6. Nbd2 Ng4 7. 0-0 Bd7 8. b4 Bb6 9. Bb3 0-0 10. Nc4 Kh8 11. a4 f5 12. Ra2 a6 13. Nxb6 cxb6 14. Ng5 Qe8 15. h3 Nf6 16. exf5 Bxf5 17. f4 exf4 18. Re2 Qd7 19. Bxf4 h6 20. Nf3 Bh7 21. Be6 Qc7 22. Qd2 Rae8 23. Rfe1 b5 24. axb5 axb5 25. d4 Ne7 26. d5 Rd8 27. Nd4 Qc4 28. Rf2 Neg8 29. Bxg8 Kxg8 30. Bxh6 Ne4 31. Rxe4 Rxf2 32. Qxf2 Bxe4 33. Qh4 Re8 34. Qg4 Re7 35. Bxg7 Kf7 36. Bh6 Qxd5 37. Bg5 Re6 38. Nxe6 Qxe6 39. Qxe6+ Kxe6 40. g4 Bc2 41. Kf2 Kf7 42. Kg3 Ke6 43. Kh4 Bd3 44. Kh5 Kf7 45. Bf4 Bf1 46. h4 Kg7 47. Kg5 Bc4 48. h5 Be2 49. Bxd6 Bf3 50. Kf5 Kf7 51. Be5 Be2 1/2-1/2

[Event "IECG WC.2005.F.00002 email"]
[Site "IECG email"]
[Date "2006.06.05"]
[Round "?"]
[White "Valderrama, Elmer"]
[Black "Lehnert, Ronald"]
[Result "1/2-1/2"]
[WhiteElo "2266"]
[BlackElo "2303"]
[PlyCount "46"]
[EventDate "2006.06.05"]
[EventType "tourn (corr)"]
[EventRounds "14"]
[SourceTitle "Corr 2008"]
[Source "ChessBase"]
[SourceDate "2008.06.24"]
[SourceVersion "1"]
[SourceVersionDate "2008.06.24"]
[SourceQuality "1"]

1. e4 e6 2. d4 d5 3. e5 c5 4. c3 Nc6 5. Nf3 Qb6 6. a3 Bd7 7. b4 cxd4 8. cxd4 Rc8 9. Be3 Nh6 10. Bd3 Ng4 11. 0-0 Be7 12. Nbd2 Nxe3 13. fxe3 a5 14. b5 Na7 15. a4 0-0 16. Ne1 Rc3 17. Rf3 Nc8 18. Bxh7+ Kxh7 19. Rh3+ Kg8 20. Qh5 f6 21. Qg6 Be8 22. Qh7+ Kf7 23. Qh5+ Kg8 1/2-1/2

[Event "IECG SH.2006.0.00046"]
[Site "IECG email"]
[Date "2006.04.15"]
[Round "?"]
[White "Rolle, Hannes"]
[Black "Valderrama, Elmer"]
[Result "1/2-1/2"]
[WhiteElo "2234"]
[BlackElo "2266"]
[PlyCount "42"]
[EventDate "2006.04.15"]
[EventType "tourn (corr)"]
[EventRounds "6"]
[SourceTitle "Corr 2008"]
[Source "ChessBase"]
[SourceDate "2008.06.24"]
[SourceVersion "1"]
[SourceVersionDate "2008.06.24"]
[SourceQuality "1"]

1. e4 e6 2. d4 d5 3. Nc3 Nf6 4. Bg5 dxe4 5. Nxe4 Nbd7 6. Nf3 h6 7. Nxf6+ Nxf6 8. Bh4 c5 9. Bc4 cxd4 10. 0-0 Be7 11. Qe2 0-0 12. Rad1 Qb6 13. Nxd4 Qxb2 14. Nf5 exf5 15. Qxe7 Be6 16. Rb1 Qxc2 17. Bxe6 Rae8 18. Bxf5 Qxf5 19. Qxb7 Ne4 20. Be7 Rxe7 21. Qxe7 Nd2 1/2-1/2

[Event "LSS SH-2006-0-00046"]
[Site "LSS email"]
[Date "2006.04.15"]
[Round "?"]
[White "Valderrama, Elmer"]
[Black "Braun, Ingram H"]
[Result "1-0"]
[WhiteElo "2422"]
[BlackElo "2155"]
[PlyCount "29"]
[EventDate "2006.04.15"]
[EventType "tourn (corr)"]
[EventRounds "10"]
[EventCountry "GER"]
[SourceTitle "Corr 2015"]
[Source "ChessBase"]
[SourceDate "2015.07.17"]
[SourceVersion "1"]
[SourceVersionDate "2015.07.17"]
[SourceQuality "1"]

1. e4 c5 2. Nc3 e6 3. Nf3 a6 4. d4 cxd4 5. Nxd4 Qc7 6. Bd3 Nf6 7. Qe2 d6 8. f4 Nbd7 9. Nf3 g6 10. e5 dxe5 11. fxe5 Ng4 12. Bf4 Bg7 13. 0-0 Nc5 14. h3 Nh6 15. Qe3 1-0

[Event "IECG SH.2006.0.00046"]
[Site "IECG email"]
[Date "2006.04.15"]
[Round "?"]
[White "Valderrama, Elmer"]
[Black "Ivanov, Hristo V"]
[Result "1/2-1/2"]
[WhiteElo "2266"]
[BlackElo "2098"]
[PlyCount "95"]
[EventDate "2006.04.15"]
[EventType "tourn (corr)"]
[EventRounds "6"]
[SourceTitle "Corr 2008"]
[Source "ChessBase"]
[SourceDate "2008.06.24"]
[SourceVersion "1"]
[SourceVersionDate "2008.06.24"]
[SourceQuality "1"]

1. Nf3 d5 2. c4 e6 3. d4 Nf6 4. Nc3 Nbd7 5. Bf4 dxc4 6. e3 Nb6 7. Bxc4 Nxc4 8. Qa4+ c6 9. Qxc4 Nd5 10. Bg3 Qb6 11. Qe2 Bb4 12. 0-0 Nxc3 13. bxc3 Bxc3 14. Rab1 Qd8 15. Qd3 Ba5 16. Qa3 Bc7 17. Bxc7 Qxc7 18. Ne5 Qe7 19. Qc3 0-0 20. Rfc1 f6 21. Nd3 e5 22. dxe5 Bf5 23. Qc4+ Qf7 24. e4 Qxc4 25. Rxc4 b5 26. Rd4 Be6 27. a4 Rfd8 28. Rd6 Rxd6 29. exd6 Rd8 30. Nc5 Rxd6 31. Nxe6 Rxe6 32. axb5 cxb5 33. Rxb5 Rxe4 34. h4 Re1+ 35. Kh2 Kf7 36. Ra5 Re7 37. h5 h6 38. g4 Ke6 39. Kg3 Kd6 40. f4 Kc6 41. Ra1 Kb7 42. Rb1+ Ka8 43. Ra1 Re6 44. Kf3 a6 45. g5 fxg5 46. fxg5 hxg5 47. Kg4 Ka7 48. Rf1 1/2-1/2

[Event "IECG SH.2006.0.00046"]
[Site "IECG email"]
[Date "2006.04.15"]
[Round "?"]
[White "Valderrama, Elmer"]
[Black "Knoeppel, Bjoern"]
[Result "1-0"]
[WhiteElo "2266"]
[BlackElo "2120"]
[PlyCount "115"]
[EventDate "2006.04.15"]
[EventType "tourn (corr)"]
[EventRounds "6"]
[SourceTitle "Corr 2008"]
[Source "ChessBase"]
[SourceDate "2008.06.24"]
[SourceVersion "1"]
[SourceVersionDate "2008.06.24"]
[SourceQuality "1"]

1. c4 e5 2. Nc3 Nc6 3. Nf3 f5 4. d4 e4 5. Ng5 Bb4 6. Nh3 Nf6 7. e3 Bxc3+ 8. bxc3 d6 9. Nf4 0-0 10. h4 Qe8 11. Ba3 Qf7 12. d5 Ne7 13. c5 Nexd5 14. Bc4 Be6 15. Nxe6 Qxe6 16. cxd6 c6 17. Qd4 a5 18. Bb3 a4 19. Bxd5 cxd5 20. Rb1 Rf7 21. Rb5 f4 22. exf4 Qg4 23. 0-0 Qxh4 24. Qe3 Rc8 25. Rfb1 Qg4 26. Kf1 Nh5 27. Qh3 Qxh3 28. gxh3 Nxf4 29. Rxb7 Nd3 30. Ke2 Nf4+ 31. Kd2 h6 32. Rxf7 Kxf7 33. Rb7+ Kf6 34. Bb4 Rd8 35. Ba5 Rxd6 36. Bc7 Rd7 37. Be5+ Kxe5 38. Rxd7 g5 39. Re7+ Kd6 40. Ra7 Nxh3 41. Ke3 h5 42. Rxa4 Nf4 43. Rb4 h4 44. Rb1 Nd3 45. a4 Ne5 46. Ke2 Nc4 47. Rg1 Nb2 48. a5 Na4 49. a6 Nxc3+ 50. Ke3 Nb5 51. Rxg5 Kc5 52. Rh5 Kb6 53. Rxd5 Kxa6 54. Rh5 Nc3 55. Rxh4 Kb5 56. Kd4 Ne2+ 57. Kxe4 Nc3+ 58. Ke5 1-0

[Event "IECG SH.2006.0.00046"]
[Site "IECG email"]
[Date "2006.04.15"]
[Round "?"]
[White "Valderrama, Elmer"]
[Black "Kubasky, Alojz"]
[Result "1-0"]
[WhiteElo "2266"]
[BlackElo "2107"]
[PlyCount "123"]
[EventDate "2006.04.15"]
[EventType "tourn (corr)"]
[EventRounds "6"]
[SourceTitle "Corr 2008"]
[Source "ChessBase"]
[SourceDate "2008.06.24"]
[SourceVersion "1"]
[SourceVersionDate "2008.06.24"]
[SourceQuality "1"]

1. d4 e6 2. c4 Nf6 3. Nc3 Bb4 4. Qc2 0-0 5. a3 Bxc3+ 6. Qxc3 b6 7. Nf3 Bb7 8. e3 Ne4 9. Qc2 f5 10. Be2 c5 11. 0-0 Nc6 12. dxc5 bxc5 13. Ne1 Ne5 14. f3 Nf6 15. Bd2 a5 16. Nd3 Nxd3 17. Bxd3 d6 18. Bc3 a4 19. Qe2 Nh5 20. Bc2 Qg5 21. Rad1 Rfd8 22. Rd2 d5 23. f4 Qg6 24. Rfd1 Nf6 25. cxd5 Bxd5 26. h3 c4 27. g4 Rf8 28. Kh2 Ne4 29. Bxe4 fxe4 30. Qf2 Rad8 31. f5 Qf7 32. Qg3 Rd7 33. Rf1 Qe8 34. f6 gxf6 35. Qh4 Qg6 36. Rdf2 Rdf7 37. Bb4 Kg7 38. Bxf8+ Rxf8 39. Qg3 Rf7 40. h4 h5 41. g5 f5 42. Rd1 Rb7 43. Qe5+ Kh7 44. Rxd5 exd5 45. Kg3 Rd7 46. Kh3 Rd6 47. Rxf5 Qe6 48. Qf4 Kg7 49. Kg2 Qe7 50. Kg3 Kg8 51. Qf1 Rd7 52. Qf4 Rd6 53. Qf1 Rd7 54. Qd1 Qe6 55. Rf6 Qe5+ 56. Kh3 Rf7 57. Rxf7 Qe6+ 58. Kg2 Qxf7 59. Kg1 Qf5 60. Qxh5 d4 61. exd4 Kg7 62. Qe2 1-0

[Event "IECG CM.2006.0.00297 email"]
[Site "IECG email"]
[Date "2006.03.05"]
[Round "?"]
[White "Alava Moreno, Fausto"]
[Black "Valderrama, Elmer"]
[Result "0-1"]
[WhiteElo "2322"]
[BlackElo "2261"]
[PlyCount "54"]
[EventDate "2006.03.05"]
[EventType "tourn (corr)"]
[EventRounds "6"]
[SourceTitle "Corr 2008"]
[Source "ChessBase"]
[SourceDate "2008.06.24"]
[SourceVersion "1"]
[SourceVersionDate "2008.06.24"]
[SourceQuality "1"]

1. e4 c5 2. c3 Nf6 3. e5 Nd5 4. Nf3 Nc6 5. Bc4 Nb6 6. Bb3 c4 7. Bc2 Qc7 8. Qe2 g5 9. h3 Bg7 10. 0-0 Nxe5 11. Nxg5 Nd5 12. d4 cxd3 13. Bxd3 Nxd3 14. Qxd3 Qc6 15. Re1 b6 16. Nd2 h6 17. Ngf3 Nf4 18. Qf5 Ng6 19. Nb3 d6 20. Qh5 Bb7 21. Qg4 Ne5 22. Nxe5 Bxe5 23. Nd4 Qd7 24. Nf5 e6 25. Nxh6 0-0-0 26. Qe2 Qe7 27. Qg4 Rd7 0-1

[Event "IECG WC.2005.T.00002 email"]
[Site "IECG email"]
[Date "2004.12.15"]
[Round "?"]
[White "Eckstein, Michael"]
[Black "Valderrama, Elmer"]
[Result "1-0"]
[WhiteElo "2391"]
[BlackElo "2350"]
[PlyCount "55"]
[EventDate "2004.12.15"]
[EventType "tourn (corr)"]
[EventRounds "10"]
[SourceTitle "Corr 2008"]
[Source "ChessBase"]
[SourceDate "2008.06.24"]
[SourceVersion "1"]
[SourceVersionDate "2008.06.24"]
[SourceQuality "1"]

1. e4 c5 2. Nf3 d6 3. d4 cxd4 4. Nxd4 Nf6 5. Nc3 a6 6. Bg5 e6 7. f4 Qb6 8. Qd2 Nc6 9. 0-0-0 Bd7 10. Nf3 Rc8 11. Kb1 Ng4 12. f5 Nge5 13. fxe6 Bxe6 14. Nd5 Qa7 15. Be2 b5 16. Rhf1 Qb7 17. Nxe5 Nxe5 18. Bf4 Qc6 19. c3 Ng6 20. Bg3 Be7 21. h4 Bxh4 22. Bxh4 Nxh4 23. Qd4 Rg8 24. Qa7 Ng6 25. Bh5 Bxd5 26. exd5 Qc7 27. Rde1+ Kd8 28. Qxa6 1-0

[Event "CFriend AM-2004-0-00014 email"]
[Site "Chessfriend.com"]
[Date "2004.09.09"]
[Round "1"]
[White "Blanco, Cesar"]
[Black "Valderrama, Elmer"]
[Result "1-0"]
[WhiteElo "2453"]
[BlackElo "2258"]
[PlyCount "141"]
[EventDate "2004.??.??"]
[EventType "tourn (corr)"]
[EventRounds "12"]
[SourceTitle "Corr 2024"]
[Source "ChessBase"]
[SourceDate "2023.10.19"]
[SourceVersion "1"]
[SourceVersionDate "2023.10.19"]
[SourceQuality "1"]

1. e4 c5 2. Nf3 d6 3. d4 cxd4 4. Nxd4 Nf6 5. Nc3 a6 6. Bc4 b5 7. Bb3 Bb7 8. 0-0 Nbd7 9. Re1 Nc5 10. Bg5 Nxb3 11. axb3 g6 12. Bxf6 exf6 13. Qg4 Bg7 14. Nf5 0-0 15. Nxg7 Kxg7 16. Rad1 b4 17. Ne2 Re8 18. Nd4 Qc8 19. Qg3 Rxe4 20. Rxe4 Bxe4 21. f3 Bb7 22. Qxd6 a5 23. Qe7 Bd5 24. Re1 Qd8 25. Qxd8 Rxd8 26. Re7 Kf8 27. Ra7 Ra8 28. Rd7 Be6 29. Nxe6+ fxe6 30. Rxh7 Kg8 31. Rd7 Rc8 32. Rd2 g5 33. Kf2 Kf7 34. Ke3 Rc5 35. Rf2 e5 36. Kd3 Rb5 37. Kc4 Rb7 38. Rd2 Ke6 39. h3 Rb8 40. c3 Rc8+ 41. Kd3 f5 42. c4 Rc7 43. Rd1 Rc8 44. Ke3 Rb8 45. Rd5 Ra8 46. Rb5 Rd8 47. Rxa5 Rd1 48. Ra6+ Kf7 49. Rb6 Re1+ 50. Kf2 Rb1 51. Rxb4 Rxb2+ 52. Kg3 f4+ 53. Kh2 Rc2 54. Rb5 Ke6 55. c5 Kd5 56. b4 e4 57. fxe4+ Kxe4 58. c6 f3 59. Rc5 f2 60. Rxc2 f1Q 61. c7 g4 62. hxg4 Qf6 63. Re2+ Kd3 64. c8Q Kxe2 65. Qc2+ Ke1 66. Qe4+ Kd2 67. Kg3 Qb6 68. g5 Qd8 69. g6 Qg5+ 70. Kf3 Qh5+ 71. g4 1-0

[Event "CFriend AM-2004-0-00014 email"]
[Site "Chessfriend.com"]
[Date "2004.09.09"]
[Round "1"]
[White "Schorra, Helmut"]
[Black "Valderrama, Elmer"]
[Result "1/2-1/2"]
[WhiteElo "2328"]
[BlackElo "2258"]
[PlyCount "62"]
[EventDate "2004.??.??"]
[EventType "tourn (corr)"]
[EventRounds "12"]
[SourceTitle "Corr 2024"]
[Source "ChessBase"]
[SourceDate "2023.10.19"]
[SourceVersion "1"]
[SourceVersionDate "2023.10.19"]
[SourceQuality "1"]

1. c4 e5 2. Nc3 Bb4 3. Nd5 a5 4. a3 Be7 5. d4 d6 6. Nf3 e4 7. Nd2 c6 8. Nxe7 Qxe7 9. e3 f5 10. Qh5+ g6 11. Qd1 Nf6 12. Nb1 0-0 13. Nc3 Na6 14. b3 Nc7 15. Be2 d5 16. c5 Ne6 17. 0-0 Ng4 18. f3 exf3 19. gxf3 Nf6 20. Kh1 f4 21. e4 Rd8 22. exd5 Nxd5 23. Nxd5 cxd5 24. Bb2 Ng7 25. Bd3 Nf5 26. Bxf5 Bxf5 27. Rc1 Re8 28. Re1 Qh4 29. Qd2 g5 30. Re5 Qh3 31. Qg2 Qxg2+ 1/2-1/2

[Event "CFriend AM-2004-0-00014 email"]
[Site "Chessfriend.com"]
[Date "2004.09.09"]
[Round "1"]
[White "Valderrama, Elmer"]
[Black "Gildred, Terrence L Nick"]
[Result "0-1"]
[WhiteElo "2258"]
[BlackElo "2336"]
[PlyCount "88"]
[EventDate "2004.??.??"]
[EventType "tourn (corr)"]
[EventRounds "12"]
[SourceTitle "Corr 2024"]
[Source "ChessBase"]
[SourceDate "2023.10.19"]
[SourceVersion "1"]
[SourceVersionDate "2023.10.19"]
[SourceQuality "1"]

1. e4 c5 2. Nf3 g6 3. d4 cxd4 4. Qxd4 Nf6 5. Nc3 Nc6 6. Qa4 d6 7. e5 dxe5 8. Nxe5 Bd7 9. Nxd7 Qxd7 10. Be3 Bg7 11. Be2 0-0 12. 0-0 Qc7 13. Nb5 Qe5 14. Bf3 Rfd8 15. Rfe1 Nd5 16. Bd4 Qf4 17. Re4 Qg5 18. Bxg7 Kxg7 19. Qb3 Nf6 20. Ree1 Rab8 21. Rad1 a6 22. Na3 Nd4 23. Qe3 Qxe3 24. fxe3 Nxf3+ 25. gxf3 Nd5 26. c3 Rbc8 27. Rd2 Nb6 28. Red1 Rxd2 29. Rxd2 h5 30. f4 f6 31. Kf2 Kf7 32. e4 Rc7 33. Ke3 g5 34. fxg5 fxg5 35. h3 Rc6 36. Rd3 Rf6 37. b3 g4 38. hxg4 hxg4 39. Nc2 Rf3+ 40. Ke2 Rxd3 41. Kxd3 Kf6 42. Ke3 Kg5 43. Nd4 Nd7 44. c4 Ne5 0-1

[Event "CFriend MZ-2004-1-00002 email"]
[Site "Chessfriend.com"]
[Date "2004.08.28"]
[Round "1"]
[White "Valderrama, Elmer"]
[Black "Shchebenyuk, Nina"]
[Result "1-0"]
[WhiteElo "2258"]
[BlackElo "2050"]
[PlyCount "115"]
[EventDate "2004.??.??"]
[EventType "tourn (corr)"]
[EventRounds "6"]
[SourceTitle "Corr 2024"]
[Source "ChessBase"]
[SourceDate "2023.10.19"]
[SourceVersion "1"]
[SourceVersionDate "2023.10.19"]
[SourceQuality "1"]

1. d4 d5 2. c4 dxc4 3. Nf3 Nf6 4. e3 e6 5. Bxc4 c5 6. 0-0 a6 7. Bb3 cxd4 8. exd4 Be7 9. Nc3 0-0 10. Re1 Nc6 11. a3 Qc7 12. Qd3 Rd8 13. Bc2 e5 14. d5 e4 15. Nxe4 Nxd5 16. Neg5 g6 17. Bb3 Bf5 18. Qd2 Qa5 19. Qxa5 Nxa5 20. Ba2 h6 21. Ne4 Bxe4 22. Rxe4 Bf6 23. h3 Kg7 24. Bd2 Bxb2 25. Rb1 Bc3 26. Bxd5 Bxd2 27. Bxb7 Rab8 28. Rd1 Nxb7 29. Rxd2 Rxd2 30. Nxd2 Rd8 31. Nb3 Rd3 32. Rb4 Nd8 33. Rb6 Ne6 34. a4 h5 35. h4 Rc3 36. g3 Rd3 37. Kg2 Kf8 38. Rb7 Rd6 39. Kf1 Rc6 40. Ra7 Rc3 41. Nd2 Nc5 42. a5 Rc2 43. Nf3 f6 44. Nd4 Rd2 45. Nc6 Ne4 46. Rxa6 Rxf2+ 47. Kg1 Rc2 48. Rb6 Ra2 49. a6 Ra1+ 50. Kg2 Ra2+ 51. Kf1 Nxg3+ 52. Ke1 Ke8 53. a7 Ne4 54. Rb7 Ra1+ 55. Ke2 Nd6 56. Re7+ Kf8 57. Rd7 Nf7 58. Kd2 1-0